Powershift : (Record no. 345276)
[ view plain ]
| 000 -LEADER | |
|---|---|
| fixed length control field | 01237 a2200253 4500 |
| 003 - CONTROL NUMBER IDENTIFIER | |
| control field | OSt |
| 005 - DATE AND TIME OF LATEST TRANSACTION | |
| control field | 20180116182740.0 |
| 008 - FIXED-LENGTH DATA ELEMENTS--GENERAL INFORMATION | |
| fixed length control field | 170726b xxu||||| |||| 00| 0 eng d |
| 020 ## - INTERNATIONAL STANDARD BOOK NUMBER | |
| International Standard Book Number | 0553292153 |
| 020 ## - INTERNATIONAL STANDARD BOOK NUMBER | |
| International Standard Book Number | 9780553292152 |
| 040 ## - CATALOGING SOURCE | |
| Transcribing agency | 0 |
| 082 04 - DEWEY DECIMAL CLASSIFICATION NUMBER | |
| Classification number | 303.4 TOF 1991 |
| 100 1# - MAIN ENTRY--PERSONAL NAME | |
| Personal name | Toffler, Alvin. |
| 245 10 - TITLE STATEMENT | |
| Title | Powershift : |
| Remainder of title | knowledge, wealth, and violence at the edge of the 21st century / |
| Statement of responsibility, etc. | Alvin Toffler. |
| 250 ## - EDITION STATEMENT | |
| Edition statement | First Thus ed. |
| 260 ## - PUBLICATION, DISTRIBUTION, ETC. | |
| Place of publication, distribution, etc. | [S.l.] : |
| Name of publisher, distributor, etc. | Bantam, |
| Date of publication, distribution, etc. | 1991. |
| 300 ## - PHYSICAL DESCRIPTION | |
| Extent | 640 p. ; |
| Dimensions | 18 cm. |
| 440 ## - SERIES STATEMENT/ADDED ENTRY--TITLE | |
| Title | Powershift : |
| 500 ## - GENERAL NOTE | |
| General note | Mass Market Paperback. |
| 520 ## - SUMMARY, ETC. | |
| Summary, etc. | Toffler argues that while headlines focus on shifts of power at the global level, equally significant shifts are taking place in our everyday world--supermarkets, hospitals, banks, television, and politics. As old antagonisms fade, Toffler identifies where the next, far more important world division will arise . . . between the "fast" and the "slow." "Thought-provoking on every page."--Newsday. HC: Bantam. |
| 856 40 - ELECTRONIC LOCATION AND ACCESS | |
| Materials specified | Amazon.com |
| Uniform Resource Identifier | <a href="http://www.amazon.com/exec/obidos/ASIN/0553292153/chopaconline-20">http://www.amazon.com/exec/obidos/ASIN/0553292153/chopaconline-20</a> |
| 856 40 - ELECTRONIC LOCATION AND ACCESS | |
| Materials specified | Amazon customer reviews |
| Uniform Resource Identifier | <a href="http://www.chopac.org/cgi-bin/tools/azrev.pl?q=0553292153">http://www.chopac.org/cgi-bin/tools/azrev.pl?q=0553292153</a> |
| 942 ## - ADDED ENTRY ELEMENTS (KOHA) | |
| Institution code [OBSOLETE] | NBS |
| Koha item type | Book |
| Call number prefix | 303.4 TOF |
| Source of classification or shelving scheme | |
| Withdrawn status | Lost status | Damaged status | Not for loan | Permanent Location | Current Location | Date acquired | Total Checkouts | Full call number | Barcode | Date last seen | Date last checked out | Price effective from | Koha item type | Source of classification or shelving scheme | Collection code | Shelving location | Public note |
|---|---|---|---|---|---|---|---|---|---|---|---|---|---|---|---|---|---|
| Central Library (CL) | Central Library (CL) | 08/28/2013 | 1 | 303.4 TOF | NBS7502 | 11/22/2017 | 07/20/2017 | 08/28/2013 | Book | ||||||||
| Central Library (CL) | Central Library (CL) | 08/28/2013 | 3 | 303.4 TOF | NBS7506 | 05/08/2025 | 04/15/2025 | 08/28/2013 | Book | ||||||||
| Central Library (CL) | Central Library (CL) | 08/28/2013 | 1 | 303.4 TOF | NBS7504 | 11/22/2017 | 07/20/2017 | 08/28/2013 | Book | ||||||||
| Central Library (CL) | Central Library (CL) | 08/28/2013 | 1 | 303.4 TOF | NBS7500 | 11/22/2017 | 07/20/2017 | 08/28/2013 | Book | ||||||||
| Central Library (CL) | Central Library (CL) | 08/28/2013 | 1 | 303.4 TOF | NBS7501 | 11/22/2017 | 07/20/2017 | 08/28/2013 | Book | ||||||||
| Central Library (CL) | Central Library (CL) | 08/28/2013 | 1 | 303.4 TOF | NBS7503 | 11/22/2017 | 07/20/2017 | 08/28/2013 | Book | ||||||||
| Central Library (CL) | Central Library (CL) | 07/26/2017 | 1 | 303.4 TOF 1991 | NBS7498 | 11/22/2017 | 07/26/2017 | 07/26/2017 | Book | General Stacks | |||||||
| Central Library (CL) | Central Library (CL) | 07/26/2017 | 1 | 303.4 TOF 1991 | NBS7499 | 11/22/2017 | 07/26/2017 | 07/26/2017 | Book | General Stacks | |||||||
| Write Off | Central Library (CL) | Central Library (CL) | 02/23/2021 | 303.4 TOF 1991 | NBS7507 | 02/23/2021 | 02/23/2021 | Book | Write off File No.0908/IRC/NBS Dated Aug 16, 2018 |
